| 000 | 00623cam a22002173a 4500 | ||
|---|---|---|---|
| 001 | 38562 | ||
| 003 | PGUSA | ||
| 005 | 20140828083842.0 | ||
| 008 | 120113s2012||||xxu|||||s|||||000 | eng d | ||
| 040 |
_aPGUSA _beng |
||
| 042 | _adc | ||
| 245 | 1 | 4 |
_aThe Big Book of Nursery Rhymes _h[electronic resource] / _cVarious |
| 260 |
_bProject Gutenberg, _c2012 |
||
| 506 | _aPublic domain in the USA. | ||
| 516 | _aElectronic text | ||
| 700 | 1 |
_aJerrold, Walter, _d1865-1929 |
|
| 700 | 1 |
_aRobinson, Charles Henry, _d1841- |
|
| 830 | 0 |
_aProject Gutenberg _v38562 |
|
| 856 | 4 | 0 | _uhttp://www.gutenberg.org/ebooks/38562 |
| 942 | _cEB | ||
| 999 |
_c267816 _d267816 |
||